Trouvez l'intrus ! - Géographie française - Statistiques

Statistiques générales
  • Ce quiz a été pris 10 546 fois
  • Le résultat moyen est 7 sur 15
Statistiques - réponses
Question Réponse % Correct
Ces pays sont voisins de la France Autriche
79%
En France, "Vienne" peut désigner... Une montagne
62%
Ces départements portent le nom d'une rivière les traversant Yvelines
59%
Ces fleuves traversent la frontière française Loire
55%
Ces territoires appartiennent à la France Iles Pitcairn
54%
Ces villes sont situées dans l'Hérault Narbonne
54%
Ces villes ont accueilli les jeux olympiques d'hiver Annecy
49%
Ces villes sont des préfectures françaises Cherbourg
48%
Ces villes françaises se trouvent sur le littoral Bayonne
43%
Ces lieux sont inscrits au patrimoine de l'UNESCO Dune du Pilat
38%
Ces départements comptent plus d'un million d'habitants Finistère
35%
Ces noms correspondent à des gentilés de préfectures françaises Bourgeois
32%
Ces sommets sont les points culminants de leur chaîne de montagnes Pic du Midi de Bigorre
31%
On en trouve en France, mais uniquement en Outre-Mer Un département où l'islam est la première religion pratiquée
31%
Ces lieux se trouvent en dehors de Paris intra-muros Parc des Princes
26%
Aucun quiz correspondant
Distribution des résultats
% des personnes avec chaque résultat
Percentile par nombre de réponses
Votre historique - résultats
Vous n’avez pas pris ce quiz